One night @ the call center / (Record no. 26311)

MARC details
000 -LEADER
fixed length control field 00901 a2200229 4500
008 - FIXED-LENGTH DATA ELEMENTS--GENERAL INFORMATION
fixed length control field 090512t xxu||||| |||| 00| 0 eng d
010 ## - LCCN (DPL NO)
LC control number B-285051
020 ## - INTERNATIONAL STANDARD BOOK NUMBER
International Standard Book Number 8129108180
Terms of availability 95.00
020 ## - INTERNATIONAL STANDARD BOOK NUMBER
International Standard Book Number 9788129108180
Terms of availability 95.00
035 ## - SYSTEM CONTROL NUMBER
System control number B-285051
037 ## - SOURCE OF ACQUISITION
Source of stock number/acquisition UBH
040 ## - CATALOGING SOURCE
Original cataloging agency dpl
Language of cataloging English
082 ## - DEWEY DECIMAL CLASSIFICATION NUMBER
Classification number N
100 ## - MAIN ENTRY--PERSONAL NAME
Personal name Bhagat, Chetan
245 ## - TITLE STATEMENT
Title One night @ the call center /
Statement of responsibility, etc by Chetan Bhagat
260 ## - PUBLICATION, DISTRIBUTION, ETC. (IMPRINT)
Place of publication, distribution, etc New Delhi
Name of publisher, distributor, etc Rupa
Date of publication, distribution, etc 2008
270 ## - ADDRESS
Address 7/16, Ansari Road, Darya Ganj
City New Delhi
Postal code 110002
300 ## - PHYSICAL DESCRIPTION
Extent xii, 291p.
Dimensions 22cm. (pbk)
942 ## - ADDED ENTRY ELEMENTS (KOHA)
Institution code [OBSOLETE] dpl
Item type English Books
Source of classification or shelving scheme Dewey Decimal Classification
Classification part N
Call number suffix BHA
Holdings
Withdrawn status Lost status Source of classification or shelving scheme Damaged status Not for loan Collection code Home library Current library Date acquired Source of acquisition Cost, normal purchase price Total Checkouts Total Renewals Full call number Barcode Date last seen Copy number Cost, replacement price Koha item type
    Dewey Decimal Classification     Fiction R.C.Libraries (BL-III) R.C.Libraries (BL-III) 29/01/2021   95.00 2 2 N BHA B-192474 09/06/2022   95.00 English Books
    Dewey Decimal Classification     Fiction R.K.Puram-8 R.K.Puram-8 14/09/2023   95.00     N BHA B-215349 14/09/2023 1 95.00 English Books
    Dewey Decimal Classification     Fiction Vinoba Puri Vinoba Puri 13/05/2009 UBH/143/25.8.08/187/21.7.08/29.8.08 95.00 14 4 N BHA B-285051 21/06/2010 1 95.00 English Books

© Delhi Public Library
Hit Counter
free hit counter